| 000 | 00407cam a2200169ua 4500 | ||
|---|---|---|---|
| 020 | _c2 | ||
| 041 |
_aeng _h |
||
| 082 |
_a828.09 _bMUL/LI |
||
| 100 | _aMullik, B R . | ||
| 245 |
_aLiteracy Essays Vol. XII(b) Modern Literature / _cB R Mullik. _hTextual Documents |
||
| 260 |
_a : _bChand & Company , _c1963. |
||
| 300 | _a95 ; . | ||
| 365 | _a2 | ||
| 504 | _a | ||
| 942 | _cBK | ||
| 999 |
_c3366 _d3366 |
||